Państwa Europy od największego do najmniejszego - Statystyki

Ogólne statystyki
  • Ten quiz został rozwiązany 234 razy
  • Średni wynik to 15 z 45
Statystyki odpowiedzi
Powierzchnia (km2) Państwo % Poprawnych
17 075 400 Rosja
100%
551 695 Francja
88%
603 700 Ukraina
87%
505 645 Hiszpania
83%
357 114 Niemcy
74%
312 679 Polska
73%
449 964 Szwecja
72%
301 300 Włochy
67%
338 145 Finlandia
65%
324 220 Norwegia
64%
244 820 Wielka Brytania
53%
0,44 Watykan
52%
238 391 Rumunia
50%
207 600 Białoruś
47%
2 Monako
45%
61 San Marino
43%
160 Liechtenstein
37%
131 940 Grecja
34%
468 Andora
31%
110 910 Bułgaria
31%
316 Malta
31%
2 586 Luksemburg
25%
103 125 Islandia
23%
93 030 Węgry
20%
10 887 Kosowo
19%
92 931 Portugalia
19%
78 866 Czechy
18%
13 812 Czarnogóra
17%
83 871 Austria
16%
88 361 Serbia
16%
25 713 Macedonia Północna
15%
20 273 Słowenia
15%
70 273 Irlandia
12%
65 200 Litwa
12%
64 589 Łotwa
10%
49 035 Słowacja
10%
28 748 Albania
9%
56 542 Chorwacja
9%
30 528 Belgia
8%
51 129 Bośnia i Hercegowina
8%
45 226 Estonia
8%
41 526 Holandia
6%
33 843 Mołdawia
6%
43 094 Dania
5%
41 290 Szwajcaria
5%
Nie znaleziono quizów pasujących do podanych kryteriów
Rozkład punktacji
Procent ludzi z każdym wynikiem
Percentyl według liczby udzielonych odpowiedzi
Twoja historia wyników
Nie rozwiązałeś tego quizu